Statistics for Top 10 Middlesbrough Premier League Scorers

Click here to take the quiz!

General Stats

  • This quiz has been taken 27 times
  • The average score is 5 of 11

Answer Stats

PlayerGoals% Correct
Juninho Paulista29
78%
Stewart Downing18
74%
Mark Viduka26
61%
Jimmy Floyd Hasselbaink23
52%
Massimo Maccarone18
48%
Alen Bokšić22
35%
Hamilton Ricard31
35%
Joseph-Désiré Job17
30%
Szilárd Németh23
26%
Brian Deane17
17%
Yakubu Aiyegbeni25
9%

Score Distribution

Percentile by Number Answered

Percent of People with Each Score

Your Score History

You have not taken this quiz